| 000 | 00492nam a2200193 a 4500 | ||
|---|---|---|---|
| 001 | 2500 | ||
| 003 | CDMR | ||
| 005 | 20131104180958.0 | ||
| 008 | 130130s1964||||||||||||||||||||||||||||d | ||
| 040 |
_aCDMR _bcat _cCDMR |
||
| 100 | 1 |
_aSeidler, Edward _91874 |
|
| 245 | 1 | 3 |
_aLe sport et la presse _cpar Edouard Seidler |
| 260 |
_aParis _c1964 _bArmand Colin |
||
| 300 | _a269 p. | ||
| 490 | 0 |
_aKioske _v25 |
|
| 650 | 0 | 4 |
_91696 _aPremsa esportiva |
| 650 | 0 | 4 |
_93752 _aPremsa _zFrança |
| 942 |
_cMON _2udc |
||
| 999 |
_c2500 _d2500 |
||